000 00737nam a2200229 a 4500
001 20770
003 BD-RjUL
005 20211209000617.0
008 140302m19651964mau 000 0aeng d
035 _a(BD-RjUL)20832
040 _aXSC
_beng
_cXSC
_dABN:1
_dBD-RjUL
041 _aeng
082 1 4 _a364.30924
_219
_bALR 1965
100 1 _a Alter, Robert
_d1809-1861.
_964138
245 1 0 _aRogue's progress :
_bstudies in the picaresque novel /
_c Robert Alter,
260 _aBoston :
_bHarvard university,
_cc 1964,1965.
300 _axi, 148 p. :
_c21 cm.
650 0 _aCriminology
_zEngland
_xBibliography.
_964139
651 0 _aEngland
_xSocial conditions
_y19th century.
_964140
942 _2ddc
_cBK
999 _c20770
_d20770